000 00656nam a22002177a 4500
001 00260
003 DO-SdBNP
005 20180124102734.0
008 151203b 1987 sp xxu||||| |||| 00| 0 spa d
020 _a84398-99025
040 _aBPMSU
_bspa
_cBPMSU
092 _aXXXX
_bXXXXX
100 1 _aAsunción Valls, María
245 1 0 _aDiario de una chica que nunca lo escribió /
_cMaría Asunción Valls.
260 _aMadrid :
_bRR. Concepcionistas Misioneras de la Enseñanza,
_c1987.
300 _a244 p. :
_bil. ;
_c22 cm.
910 _a00260
942 _2ddc
_cBK
945 _aInventariado extranjero / 2018 VM
956 _aLorenza Pérez
_b10
999 _c9000
_d9000